Normal view MARC view

Entry Nombre personal

Number of records used in: 1

001 - NÚMERO DE CONTROL

  • campo de control: 240590

003 - IDENTIFICADOR DE NÚMERO DE CONTROL

  • campo de control: ES-MaACL

005 - FECHA Y HORA DE LA ÚLTIMA TRANSACCIÓN

  • campo de control: 20251015150010.0

008 - ELEMENTOS DE DATO DE LONGITUD-FIJA

  • campo de control de longitud fija: 211025s2011 sp | |||| 000 0 spa d

020 ## - NÚMERO INTERNACIONAL ESTÁNDAR DEL LIBRO

  • Número Internacional Estándar del Libro: 978-84-92820-52-8

040 ## - FUENTE DE CATALOGACIÓN

  • Centro catalogador/agencia de origen: ES-MaCSI
  • Lengua de catalogación: spa

080 ## - NÚMERO DE LA CLASIFICACIÓN DECIMAL UNIVERSAL

  • Número de la Clasificación Decimal Universal: 930"19"

080 ## - NÚMERO DE LA CLASIFICACIÓN DECIMAL UNIVERSAL

  • Número de la Clasificación Decimal Universal: 94(460)"19":930

100 1# - ENCABEZAMIENTO-NOMBRE DE PERSONA

  • Nombre de persona: Juliá Díaz, Santos,
  • Fechas asociadas al nombre: 1940-

260 ## - REFERENCIA COMPLEJA DE VÉASE--MATERIA

  • Encabezamiento referido a: Madrid :